000 00219nam a22000857a 4500
008 160705b xxu||||| |||| 00| 0 eng d
100 _92134
_a Aingh, Y.K
245 _aTeaching of English
260 _aNew Delhi
_b A.P.H.
_c2005
999 _c1829
_d1829